00673nam a22002177a 4500001000700000003000900007005001700016007000700033008002900040020001500069020001800084040002200102082002800124100002800152245007800180260003600258300002200294500007300316650003300389650003300422000462DO-SdBNP20231003103110.0000462160902b 2004 ag 00| 0 spa d a9505119984 a9789505119981 aBPMSUbspacBPMSU 4a658.81 bR669v 20082221 aRoca, Francisco,d1941-10aVendedor o charlatán? : brutina versus innovación /cFrancisco Roca.0 aBuenos Aires :bAguilar,c2004. a158 p. ;c22 cm. aIncluye datos biográficos del autor en la solapa de la cubierta. 4aVendedores y arte de vender  4aAdministración de mercadeo